000 00448nam a2200133 i 4500
001 bg
245 0 _aSieci elektroenergetyczne w zakładach przemysłowych :
_bporadnik.
_nCz. 1,
_pZasilanie i rozdział energii.
260 _aWarszawa,
_c1987.
040 _cBPK
041 _apol
942 _cKS
008 s pl f |000 0 pol
856 _uhttp://koha.tu.koszalin.pl/cgi-bin/koha/opac-detail.pl?biblionumber=23911
_yKatalog online BPK
999 _c23911
_d23911